000 00673nam a2200229 i 4500
001 C2-0243776
003 PPAK
005 20180727205313.0
008 021110s1985 my |||| ||||| | may d
040 _aPPAK
_beng
_cPPAK
_erda
082 0 4 _a370.15
_223
090 0 0 _a370.15
_bAWA
_dKAM
100 0 _aAwang Had Salleh,
_eauthor
245 1 0 _aPengajaran Bahasa Malaysia sepintas lalu :
_bmasalah andaian dan jangkaan guru
264 1 _aKedah :
_bUniversiti Utara Malaysia ,
_c1985
300 _a14 pages ;
_c30 cm
336 _2rdacontent
_atext
337 _2rdamedia
_aunmediated
338 _2rdacarrier
_avolume
650 1 0 _aStudents - Psychology
942 _ddc
_cB
999 _c58197
_d58197